000 01609cam a22004577a 4500
001 13935219
003 .,
005 20250925123954.0
008 050419s2005 mdua bp 001 0 eng d
010 _a 2005297558
016 7 _a101238946
_2DNLM
020 _a9781585280902
020 _a9781585280902
035 _a13935219
035 _a(OCoLC)57558355
040 _aNLM
_cNLM
_dPCP
_dVET
_dDLC
042 _anlmcopyc
050 0 0 _aRS122.95
_b.M36 2005
060 0 0 _a2005 A-855
060 1 0 _aQV 18.2
_bM294 2005
082 0 0 _a615/.19/0076
_222
245 0 0 _aManual for pharmacy technicians /
_c[edited by] Linda Fred.
250 _a3rd ed.
260 _aBethesda, MD :
_bAmerican Society of Health-System Pharmacists,
_cc2005.
300 _axi, 444 p. :
_bill. ;
_c28 cm.
336 _atext
_btxt
_2rdacontent
337 _aunmediated
_bn
_2rdamedia
338 _avolume
_bnc
_2rdacarrier
504 _aIncludes bibliographical references and index.
650 0 _aPharmacy technicians
_vHandbooks, manuals, etc.
650 0 _aPharmacy technicians
_vExaminations, questions, etc.
650 0 _aPharmacy
_vHandbooks, manuals, etc.
650 1 2 _aPharmacy
_vExamination Questions.
650 2 2 _aPharmacists' Aides
_vExamination Questions.
700 1 _aFred, Linda.
710 2 _aAmerican Society of Health-System Pharmacists.
906 _a7
_bcbc
_ccopycat
_d2
_encip
_f20
_gy-gencatlg
942 _2lcc
_cBK
_e3rd ed.
_n0
999 _c7718
_d7718